[Event "Titled Tuesday intern op 05th Mar Late"]
[Site "Chess.com INT"]
[Date "2024.03.05"]
[Round "2"]
[White "Suarez Uriel, Adrian"]
[Black "Copeland, Sam S"]
[Result "0-1"]
[WhiteElo "2407"]
[BlackElo "2163"]
[PlyCount "98"]
[EventDate "2024.03.05"]
[EventType "swiss (blitz)"]
[EventRounds "11"]
[EventCountry "USA"]
[SourceTitle "EXT 2025"]
[Source "ChessBase"]
[SourceDate "2024.10.14"]
[SourceVersion "1"]
[SourceVersionDate "2024.10.14"]
[SourceQuality "1"]

1. d4 f5 2. Nf3 Nf6 3. c4 g6 4. g3 Bg7 5. Bg2 0-0 6. 0-0 d6 7. Nc3 Qe8 8. d5 a5 9. Be3 Na6 10. Rc1 b6 11. Bd4 Nc5 12. Nb5 Qd8 13. Ng5 Bd7 14. a4 h6 15. Ne6 Bxe6 16. dxe6 Nxe6 17. Bxa8 Qxa8 18. Bxf6 Bxf6 19. Qd5 Qxd5 20. cxd5 Nc5 21. Nxc7 Nxa4 22. Ne6 Rb8 23. b3 Nc5 24. Nxc5 bxc5 25. Rb1 Rb4 26. Rfd1 Kf7 27. e3 g5 28. Kf1 f4 29. gxf4 gxf4 30. Ke2 Be5 31. h3 Kf6 32. Rdc1 Kf5 33. Rc4 Rxc4 34. bxc4 a4 35. Rb7 a3 36. Ra7 Bb2 37. Kf3 fxe3 38. fxe3 Kg5 39. Ke4 Kh4 40. Kd3 Kxh3 41. Kc2 Bf6 42. Rxa3 Kg2 43. Kd3 h5 44. Ke4 h4 45. Ra2+ Kg3 46. Ra8 h3 47. Rg8+ Kf2 48. Ra8 h2 49. Ra2+ Kg3 0-1

[Event "Titled Tuesday intern op 05th Mar Late"]
[Site "Chess.com INT"]
[Date "2024.03.05"]
[Round "10"]
[White "Suarez Uriel, Adrian"]
[Black "Gubajdullin, Alexey"]
[Result "0-1"]
[WhiteElo "2407"]
[BlackElo "2244"]
[PlyCount "82"]
[EventDate "2024.03.05"]
[EventType "swiss (blitz)"]
[EventRounds "11"]
[EventCountry "USA"]
[SourceTitle "EXT 2025"]
[Source "ChessBase"]
[SourceDate "2024.10.14"]
[SourceVersion "1"]
[SourceVersionDate "2024.10.14"]
[SourceQuality "1"]

1. d4 Nf6 2. c4 g6 3. Nc3 Bg7 4. e4 d6 5. h3 0-0 6. Be3 Na6 7. g4 c5 8. d5 e6 9. Bg2 exd5 10. cxd5 c4 11. Nge2 Nb4 12. 0-0 Nd3 13. b3 Bxg4 14. hxg4 Nxg4 15. Bh3 Qh4 16. Kg2 Nxe3+ 17. fxe3 Qg5+ 18. Kh1 Qxe3 19. Bg2 Qh6+ 20. Kg1 Be5 21. Rf3 Qh2+ 22. Kf1 f5 23. exf5 g5 24. bxc4 g4 25. Rxd3 Rxf5+ 26. Ke1 Qxg2 27. Kd2 Rf2 28. Rb1 Re8 29. Qg1 Bxc3+ 30. Kxc3 Rfxe2 31. Qxg2 Rxg2 32. Rxb7 g3 33. Rd4 h5 34. c5 dxc5 35. Rh4 Rh2 36. Rxh2 gxh2 37. Rb1 Re4 38. d6 Kf7 39. Rh1 Rh4 40. Re1 h1Q 41. Rxh1 Rxh1 0-1

[Event "Titled Tuesday intern op 27th Feb Late"]
[Site "Chess.com INT"]
[Date "2024.02.27"]
[Round "3"]
[White "Tarhan, Adar"]
[Black "Suarez Uriel, Adrian"]
[Result "1-0"]
[WhiteElo "2415"]
[BlackElo "2404"]
[PlyCount "151"]
[EventDate "2024.02.27"]
[EventType "swiss (blitz)"]
[EventRounds "11"]
[EventCountry "USA"]
[SourceTitle "CBM 219 Extra"]
[Source "ChessBase"]
[SourceDate "2024.05.31"]
[SourceVersion "1"]
[SourceVersionDate "2024.05.31"]
[SourceQuality "1"]

1. d4 Nf6 2. Bg5 c5 3. d5 d6 4. Nc3 h6 5. Bxf6 exf6 6. h4 h5 7. e3 g6 8. Bb5+ Nd7 9. Nge2 a6 10. Bd3 Bg7 11. a4 0-0 12. Nf4 Ne5 13. Be2 f5 14. g3 Bd7 15. 0-0 Qa5 16. Ra3 Rfb8 17. Re1 Qd8 18. Qa1 b5 19. axb5 axb5 20. Rxa8 Rxa8 21. Qb1 b4 22. Nd1 Qb6 23. b3 Ra1 24. Qxa1 Nf3+ 25. Bxf3 Bxa1 26. e4 fxe4 27. Bxe4 Be5 28. Nd3 Bd4 29. Ne3 Qd8 30. Nc4 Qf6 31. Kg2 Bb5 32. Nf4 Bxc4 33. bxc4 Bc3 34. Re2 Kg7 35. Bd3 Be5 36. Nh3 Qd8 37. Ng5 Qb6 38. Re3 Qa7 39. Rf3 f5 40. Ne6+ Kf6 41. Re3 Qa2 42. Re2 Qb1 43. Re3 Qd1 44. Ng5 Qd2 45. Re2 Qc3 46. Re3 Qb2 47. Rf3 Bd4 48. Ne4+ Ke7 49. Ng5 Qc1 50. Nh3 Qd2 51. Nf4 Kf6 52. Ne6 b3 53. cxb3 Bxf2 54. Rxf2 Qxd3 55. Rf3 Qc2+ 56. Kh3 Qe2 57. Ng5 Ke5 58. Rf4 Qd1 59. Kg2 Qxb3 60. Nf3+ Kf6 61. Ng5 Qc2+ 62. Kh3 Qe2 63. Nf3 Qf1+ 64. Kh2 Qf2+ 65. Kh3 Qe3 66. Kg2 Ke7 67. Ng5 Kd7 68. Rf2 Kc7 69. Ne6+ Kb6 70. Rb2+ Ka5 71. Rb5+ Ka4 72. Rb6 Qe4+ 73. Kh2 Qxc4 74. Rxd6 Qe2+ 75. Kh3 c4 76. Rc6 1-0

[Event "Roquetas de Mar op 35th"]
[Site "Roquetas de Mar"]
[Date "2024.01.03"]
[Round "2"]
[White "Buiza Prieto, Eihartze"]
[Black "Suarez Uriel, Adrian"]
[Result "0-1"]
[WhiteElo "2115"]
[BlackElo "2365"]
[PlyCount "52"]
[EventDate "2024.01.02"]
[EventType "swiss"]
[EventRounds "9"]
[EventCountry "ESP"]
[SourceTitle "CBM 218 Extra"]
[Source "ChessBase"]
[SourceDate "2024.03.31"]
[SourceVersion "1"]
[SourceVersionDate "2024.03.31"]
[SourceQuality "1"]

1. e4 c5 2. Nc3 Nc6 3. Bb5 Nd4 4. Bc4 e6 5. Nge2 a6 6. Nxd4 cxd4 7. Ne2 Bc5 8. d3 Ne7 9. Bb3 0-0 10. 0-0 b5 11. f4 f5 12. Kh1 Bb7 13. Ng3 Qe8 14. Bd2 a5 15. a4 b4 16. Qe2 Bb6 17. Rae1 Rc8 18. Qh5 Qxh5 19. Nxh5 fxe4 20. dxe4 Ba6 21. Rf3 Bc4 22. f5 Bxb3 23. cxb3 exf5 24. Bg5 Rce8 25. exf5 Nxf5 26. Ref1 Ne3 0-1